Sovereignty (Record no. 394206)

MARC details
000 -LEADER
fixed length control field 00460nam a2200181Ia 4500
008 - FIXED-LENGTH DATA ELEMENTS--GENERAL INFORMATION
fixed length control field 191130s2009##################000#0#eng##
020 ## - INTERNATIONAL STANDARD BOOK NUMBER
ISBN 9780415555777
082 ## - DEWEY DECIMAL CLASSIFICATION NUMBER
Classification number 320.15 WAR.37
100 ## - MAIN ENTRY--AUTHOR NAME
Personal name Paul Ward
245 ## - TITLE STATEMENT
Title Sovereignty
Statement of responsibility, etc Paul Ward
260 ## - PUBLICATION, DISTRIBUTION, ETC. (IMPRINT)
Place of publication New York
Name of publisher Taylor & Francis
Year of publication c2009
300 ## - PHYSICAL DESCRIPTION
Number of Pages 201p. 24cm
650 ## - SUBJECT ADDED ENTRY--TOPICAL TERM
Topical Term Sovereignty
991 ## -
-- 357957

No items available.

Find us on the map